UM Logo
Normal view MARC view
  • Resorts.

Entry Topical Term

Number of records used in: 1

001 - CONTROL NUMBER

  • control field: 42011

003 - CONTROL NUMBER IDENTIFIER

  • control field: OSt

005 - DATE AND TIME OF LATEST TRANSACTION

  • control field: 20200306102301.0

008 - FIXED-LENGTH DATA ELEMENTS

  • fixed length control field: 200306|| aca||aabn | a|a d

040 ## - CATALOGING SOURCE

  • Original cataloging agency: OSt
  • Transcribing agency: OSt

150 ## - HEADING--TOPICAL TERM

  • Topical term or geographic name entry element: Resorts.

670 ## - SOURCE DATA FOUND

  • Source citation: Work cat.: (OSt): 42010 Ramirez, Robertzon., resorts with no first aid staff face closure - DOT/, ©2019.